A-Z of Most Populated US Cities - Statistics

General Stats
  • This quiz has been taken 36 times
  • The average score is 17 of 23
Answer Stats
Letter Population(2019) Answer % Correct
N 8.3 Million New York
97%
H 2.3 Million Houston
94%
L 3.79 Million Los Angeles
94%
B 692000 Boston
91%
C 2.69 Million Chicago
91%
D 1.3 Million Dallas
91%
W 705000 Washington
89%
P 1.68 Million Phoenix
86%
A 978000 Austin
83%
I 876000 Indianapolis
83%
J 911000 Jacksonville
80%
K 495000 Kansas City
80%
S 1.54 Million San Antonio
77%
V 449000 Virginia Beach
74%
M 651000 Memphis
71%
O 655000 Oklahoma City
71%
F 909000 Fort Worth
69%
E 681000 El Paso
66%
R 474000 Raleigh
66%
T 548000 Tucson
57%
Q 94000 Quincy
40%
G 296000 Greensboro
37%
Y 200000 Yonkers
23%
No matching quizzes found
Score Distribution
Percent of People with Each Score
Percentile by Number Answered
Your Score History
You have not taken this quiz